000
00342cam a2200145ua 4500
041
_a
eng
_h
082
_a
822
_b
AES/CH
100
_a
Aeschylus, .
245
_a
Chocphoroe /
_c
Aeschylus.
_h
Textual Documents
260
_a
London :
_b
George Allen & Unwin Ltd ,
_c
1961.
300
_a
84 ; .
504
_a
942
_c
BK
999
_c
4433
_d
4433